LEADER 00958cam0 2200265 450 001 E600200010751 005 20201106110252.0 100 $a20050609d1972 |||||ita|0103 ba 101 $aita 102 $aIT 200 1 $aCinque film$eFino all'ultimo respiro$eQuesta è la mia vita$eUna donna sposata$eDue o tre cose che so di lei$eLa Cinese$fJean-Luc Godard$gcur. Gianni Rondolino 210 $aTorino$cEinaudi$d1972 215 $aXXII, 377 p.$d22 cm. 225 2 $aSaggi$v492 410 1$1001LAEC00014985$12001 $a*Saggi$v492 700 1$aGodard$b, Jean-Luc$3AF00005248$4070$0222482 801 0$aIT$bUNISOB$c20201106$gRICA 850 $aUNISOB 852 $aUNISOB$j000|Coll|11|K$m22836 912 $aE600200010751 940 $aM 102 Monografia moderna SBN 941 $aM 957 $a000|Coll|11|K$b000103$gSi$d22836$rAcquisto$1pregresso3$2UNISOB$3UNISOB$420050609075454.0$520201106110242.0$6Spinosa 996 $aCinque film$9565622 997 $aUNISOB